000 00385 a2200169 4500
001 59607
020 _a9788537706848
040 _cAnchieta - Pituba
100 _aGarcia, Eliana
240 1 0 _aCiências em cena
_lpor
245 1 0 _aCiências em cena
300 _a392
362 0 _a2008
440 1 _aEscala Educacional
650 4 _aCiências naturais e matemática
942 _cBK
999 _c59607
_d59607